000 00820cam a2200241 a 4500
001 1685479
005 20180206050239.0
008 990507s2000 mdua b 001 0 eng
010 _a 99023694
020 _a0735506361 (hardcover)
040 _aDLC
_cDLC
_dDLC
041 _aeng
043 _an-us---
080 _a346.7305 DUK
082 0 0 _a346.7305 DUK
_222
100 1 _a14
101 _aJUR
245 1 0 _aWills, trusts, and estates /
_cJesse Dukeminier, Stanley M. Johanson.
504 _aIncludes bibliographical references (p. xli-xliii) and indexes.
906 _a7
_bcbc
_corignew
_d1
_eocip
_f19
_gy-gencatlg
942 _2ddc
_cBK
999 _c41911
_d41911